Oficio de Fernando Cos Gayón al secretario del Ateneo acusando recibo al oficio en el que se le dice que el Ateneo le ha admitido en su seno y haciendo presente su deseo de ser inscrito en las secciones primera y cuarta (Record no. 49426)

MARC details
000 -LEADER
campo de control de longitud fija 00842ntm a2200217 i 4500
001 - NÚMERO DE CONTROL
campo de control 49426
003 - IDENTIFICADOR DE NÚMERO DE CONTROL
campo de control ES-MaACL
005 - FECHA Y HORA DE LA ÚLTIMA TRANSACCIÓN
campo de control 20250704062544.0
007 - CAMPO FIJO DE DESCRIPCIÓN FÍSICA--INFORMACIÓN GENERAL
campo de control de longitud fija t|
008 - DATOS DE LONGITUD FIJA--INFORMACIÓN GENERAL
campo de control de longitud fija 030715s1848 sp ||||1| spa d
040 ## - FUENTE DE CATALOGACIÓN
Centro/agencia transcriptor ES-MaACL
100 1# - ENTRADA PRINCIPAL--NOMBRE DE PERSONA
Nombre de persona Cos-Gayón, Fernando,
Fechas asociadas al nombre 1825-1898
9 (RLIN) 40977
Término indicativo de función/relación Autor
245 10 - MENCIÓN DEL TÍTULO
Título Oficio de Fernando Cos Gayón al secretario del Ateneo acusando recibo al oficio en el que se le dice que el Ateneo le ha admitido en su seno y haciendo presente su deseo de ser inscrito en las secciones primera y cuarta
Medio [Manuscrito] /
Mención de responsabilidad, etc. Fernando Cos Gayón.
260 ## - PUBLICACIÓN, DISTRIBUCIÓN, ETC.
Lugar de publicación, distribución, etc. Madrid :
Nombre del editor, distribuidor, etc. [F. Cos Gayón]
Fecha de publicación, distribución, etc. 1848.
300 ## - DESCRIPCIÓN FÍSICA
Extensión v. ;
Dimensiones 22 x 16 cm.
610 24 - PUNTO DE ACCESO ADICIONAL DE MATERIA--NOMBRE DE ENTIDAD CORPORATIVA
Nombre de entidad corporativa o nombre de jurisdicción como elemento de entrada Ateneo de Madrid-
Subdivisión de forma Historia
9 (RLIN) 1925
852 ## - LOCALIZACIÓN
Ubicación ES-MaACL
Ubicación en estantería Depósito 2
Número de control de estantería P-1-75
942 ## - ELEMENTOS DE ENTRADA SECUNDARIOS (KOHA)
Tipo de ítem Koha Manuscrito
Suprimir en OPAC No
Holdings
Estatus retirado Estado de pérdida Fuente del sistema de clasificación o colocación Estado de daño No para préstamo Colección Biblioteca de origen Biblioteca actual Ubicación en estantería Fecha de adquisición Fuente de adquisición Número de control de estantería Total de préstamos Signatura topográfica completa Código de barras Visto por última vez Tipo de ítem Koha
    Clasificación decimal universal     Manuscritos Biblioteca del Ateneo de Madrid Biblioteca del Ateneo de Madrid Depósito 2 17/01/2008 Donación Ateneísta   P-1-75 1052007 23/02/2023 Manuscrito